GETS Theological Seminary Library

研究是一门艺术 (Record no. 21308)

MARC details
000 -LEADER
fixed length control field 01160nam a2200313Ia 4500
003 - CONTROL NUMBER IDENTIFIER
control field OSt
005 - DATE AND TIME OF LATEST TRANSACTION
control field 20210126095045.0
008 - FIXED-LENGTH DATA ELEMENTS--GENERAL INFORMATION
fixed length control field 200826s9999||||xx |||||||||||||| ||und||
020 ## - INTERNATIONAL STANDARD BOOK NUMBER
International Standard Book Number 7501189048
020 ## - INTERNATIONAL STANDARD BOOK NUMBER
International Standard Book Number 9787501189045
040 ## - CATALOGING SOURCE
Transcribing agency GETS
041 ## - LANGUAGE CODE
Language code of text/sound track or separate title chi
Language code of original eng
050 ## - LIBRARY OF CONGRESS CALL NUMBER
Classification number Q180.55.M4
Item number .B6612 2009
100 ## - MAIN ENTRY--PERSONAL NAME
Personal name Booth, Wayne C.
245 #0 - TITLE STATEMENT
Title 研究是一门艺术
Remainder of title = The craft of research /
Statement of responsibility, etc. 韦恩·C·布斯 (Wayne C. Booth), 格雷戈里·G·卡洛姆 (Gregory G. Colomb), 约瑟夫·M·威廉姆斯 (Joseph M. Williams) 著; 陈美霞, 徐毕卿, 许甘霖译
246 ## - VARYING FORM OF TITLE
Title proper/short title 研究是一門藝術
Remainder of title
260 ## - PUBLICATION, DISTRIBUTION, ETC.
Place of publication, distribution, etc. 北京市 :
Name of publisher, distributor, etc. 新华出版社,
Date of publication, distribution, etc. 2009
300 ## - PHYSICAL DESCRIPTION
Extent 2, 10, 284 p. :
Other physical details ill. ;
Dimensions 23 cm.
500 ## - GENERAL NOTE
General note Translation of: The craft of research / Wayne C. Booth, Gregory G. Colomb, Joseph M. Williams; 2nd ed. Chicago : University of Chicago Press, c2003.
650 ## - SUBJECT ADDED ENTRY--TOPICAL TERM
Topical term or geographic name entry element Research -- Methodology.
650 ## - SUBJECT ADDED ENTRY--TOPICAL TERM
Topical term or geographic name entry element Technical writing.
700 ## - ADDED ENTRY--PERSONAL NAME
Personal name Colomb, Gregory G.
700 ## - ADDED ENTRY--PERSONAL NAME
Personal name Williams, Joseph M.
700 ## - ADDED ENTRY--PERSONAL NAME
Personal name 徐毕卿
700 ## - ADDED ENTRY--PERSONAL NAME
Personal name 许甘霖
700 ## - ADDED ENTRY--PERSONAL NAME
Personal name 陈美霞
700 ## - ADDED ENTRY--PERSONAL NAME
Personal name 韦恩·C·布斯
942 ## - ADDED ENTRY ELEMENTS (KOHA)
Koha item type Chinese Book
Holdings
Withdrawn status Lost status Damaged status Not for loan Home library Current library Shelving location Date acquired Total Checkouts Full call number Barcode Date last seen Date last checked out Price effective from Koha item type
        GETS Theological Seminary Library GETS Theological Seminary Library General Stacks 08/26/2020 1 Q180.55.M4 .B6612 2009 00008927 01/12/2022 11/16/2021 08/26/2020 Chinese Book
OpacCredits

Contact the Librarian, GETS Library
Email: library@mygets.org









Implemented by GETS Library
(Powered by ETCA Professional Group)
GETS Theological Seminary
412 E. Rowland Street, CA 91723